Statistics for Most Famous Asian Countries

Click here to take the quiz!

General Stats

  • This quiz has been taken 208 times
  • The average score is 13 of 15

Answer Stats

#Country% Correct
2China
100%
1India
100%
3Japan
100%
16South Korea
94%
12Indonesia
92%
9Thailand
91%
11Pakistan
89%
10Saudi Arabia
88%
5Philippines
84%
13Taiwan
80%
15Turkey
79%
6Singapore
78%
7Malaysia
77%
8United Arab Emirates
75%
14Nepal
64%

Score Distribution

Percentile by Number Answered

Percent of People with Each Score

Your Score History

You have not taken this quiz